000
00280nam a22001337a 4500
008
230831b ||||| |||| 00| 0 eng d
041
_a
eng
080
_a
621
082
_a
621MAC
100
_a
20
101
_a
IE
245
_a
CONSERVATION OF ENERGY
_c
MACH.E
942
_2
udc
_c
BK
999
_c
60210
_d
60210